[Event "Titled Tuesday intern op 12th Mar Early"]
[Site "Chess.com INT"]
[Date "2024.03.12"]
[Round "2"]
[White "Harutjunyan, Gevorg"]
[Black "Olhovik, Andrei"]
[Result "1-0"]
[WhiteElo "2358"]
[BlackElo "2283"]
[PlyCount "137"]
[EventDate "2024.03.12"]
[EventType "swiss (blitz)"]
[EventRounds "11"]
[EventCountry "USA"]
[SourceTitle "CB12_2024"]
[SourceDate "2023.10.01"]
[SourceVersion "1"]
[SourceVersionDate "2023.10.01"]
[SourceQuality "1"]

1. e4 c5 2. Nc3 g6 3. f4 Bg7 4. Nf3 Nc6 5. Bb5 Nd4 6. Bc4 e6 7. 0-0 Ne7 8. e5 d6 9. Ne4 dxe5 10. fxe5 0-0 11. Nf6+ Kh8 12. d3 Nxf3+ 13. Qxf3 Qd4+ 14. Qe3 Nc6 15. c3 Qxe5 16. Qf2 Qxf6 17. Qxf6 Bxf6 18. Rxf6 Kg7 19. Rf2 b6 20. Bf4 f6 21. Raf1 Bd7 22. Bd6 Rf7 23. g4 g5 24. Re1 Re8 25. Rfe2 Nd8 26. Bb3 Rh8 27. h3 h5 28. Bg3 hxg4 29. hxg4 Re7 30. Bd6 Ree8 31. Rh2 e5 32. Rg2 Be6 33. Ba4 Reg8 34. Rf1 Rh4 35. Be7 Nf7 36. Bxf6+ Kg6 37. Bc6 Rxg4 38. Be4+ Kh6 39. Kf2 Rh4 40. Ke3 Bh3 41. Bxg5+ Rxg5 42. Rf6+ Kh5 43. Bf3+ Bg4 44. Rxg4 Rhxg4 45. Rxf7 Kg6 46. Rxa7 Rg3 47. Kf2 Rh3 48. Be4+ Kf6 49. Rb7 Rgh5 50. Rxb6+ Kg5 51. Bg2 Rh2 52. Kg3 R2h4 53. Bf3 Rh3+ 54. Kf2 Rh2+ 55. Ke3 R5h3 56. Rb8 Kf5 57. Rf8+ Ke6 58. a4 Kd6 59. a5 Rxb2 60. a6 Ra2 61. Rf7 Ra1 62. a7 e4 63. Kxe4 Ra3 64. Ke3 Rxc3 65. a8Q Rxd3+ 66. Kxd3 Rxf3+ 67. Qxf3 c4+ 68. Kd4 c3 69. Qd5# 1-0

[Event "Titled Tuesday intern op 12th Mar Early"]
[Site "Chess.com INT"]
[Date "2024.03.12"]
[Round "3"]
[White "Olhovik, Andrei"]
[Black "Hoffmann, Asa"]
[Result "0-1"]
[WhiteElo "2283"]
[BlackElo "2185"]
[PlyCount "58"]
[EventDate "2024.03.12"]
[EventType "swiss (blitz)"]
[EventRounds "11"]
[EventCountry "USA"]
[SourceTitle "CB12_2024"]
[SourceDate "2023.10.01"]
[SourceVersion "1"]
[SourceVersionDate "2023.10.01"]
[SourceQuality "1"]

1. d4 Nf6 2. c4 c5 3. d5 e5 4. Nc3 d6 5. Nf3 Be7 6. h3 Nbd7 7. e4 Nf8 8. g4 Ng6 9. Bd3 0-0 10. Be3 a6 11. a4 b6 12. Qd2 Rb8 13. Kf1 Bd7 14. Kg2 Ne8 15. Rhb1 a5 16. Ne2 h6 17. Rh1 Nf6 18. Nfg1 Nh4+ 19. Kg3 Nh7 20. f4 exf4+ 21. Bxf4 Bg5 22. Nf3 Nxf3 23. Kxf3 Qf6 24. Kg3 Rfe8 25. h4 Bxf4+ 26. Qxf4 Qxb2 27. Qxd6 Qd2 28. Rh3 Qxd3+ 29. Kg2 Qxe2+ 0-1

[Event "Titled Tuesday intern op 19th Dec Early"]
[Site "Chess.com INT"]
[Date "2023.12.19"]
[Round "3"]
[White "Olhovik, Andrei"]
[Black "Lesbekova, Asel"]
[Result "1-0"]
[WhiteElo "2283"]
[BlackElo "1805"]
[PlyCount "41"]
[EventDate "2023.12.19"]
[EventType "swiss (blitz)"]
[EventRounds "11"]
[EventCountry "USA"]
[SourceTitle "CB52_2023"]
[SourceDate "2023.12.27"]
[SourceVersion "1"]
[SourceVersionDate "2023.12.27"]
[SourceQuality "1"]

1. d4 d5 2. c4 e6 3. Nc3 a6 4. cxd5 exd5 5. Bf4 Nf6 6. e3 Bd6 7. Bg3 0-0 8. Bd3 Be6 9. Nf3 c5 10. Bxd6 Qxd6 11. dxc5 Qxc5 12. Rc1 Qa5 13. 0-0 Nc6 14. Qa4 Qb4 15. Qxb4 Nxb4 16. Bb1 b5 17. Rfd1 Rac8 18. Nd4 Ne4 19. a3 Nxc3 20. Rxc3 Rxc3 21. bxc3 1-0

[Event "BLR-chB"]
[Site "Minsk"]
[Date "2020.02.01"]
[Round "7"]
[White "Olhovik, Andrei"]
[Black "Pogosian, Manvel"]
[Result "0-1"]
[WhiteElo "2311"]
[BlackElo "2383"]
[PlyCount "74"]
[EventDate "2020.01.26"]
[EventType "swiss"]
[EventRounds "9"]
[EventCountry "BLR"]
[SourceTitle "CBM 194 Extra"]
[Source "ChessBase"]
[SourceDate "2020.03.31"]
[SourceVersion "1"]
[SourceVersionDate "2020.03.31"]
[SourceQuality "1"]

1. d4 Nf6 2. c4 e6 3. Nc3 c5 4. Nf3 cxd4 5. Nxd4 Bb4 6. Bd2 Nc6 7. Nc2 Bc5 8. Be3 Bxe3 9. Nxe3 0-0 10. g3 d5 11. cxd5 exd5 12. Nexd5 Nxd5 13. Qxd5 Qb6 14. Qb3 Qxb3 15. axb3 Nd4 16. Rd1 Rd8 17. Rd2 Be6 18. Bg2 Nxb3 19. Rxd8+ Rxd8 20. Bxb7 Rd2 21. 0-0 Rxb2 22. Rd1 Kf8 23. Rd8+ Ke7 24. Ra8 Rc2 25. Nd5+ Kd6 26. Rd8+ Kc5 27. Nf4 Bc4 28. Be4 Rc1+ 29. Kg2 a5 30. Rc8+ Kd4 31. Bf3 g5 32. Rd8+ Ke5 33. Nd5 g4 34. Re8+ Kd4 35. e3+ Kd3 36. Nf4+ Kc2 37. Bxg4 Bd3 0-1

[Event "Belgrade ChessAmateur op 5th"]
[Site "Belgrade"]
[Date "2019.01.10"]
[Round "9"]
[White "Radlovacki, Jovan"]
[Black "Olhovik, Andrei"]
[Result "1/2-1/2"]
[WhiteElo "2307"]
[BlackElo "2308"]
[PlyCount "43"]
[EventDate "2019.01.04"]
[EventType "swiss"]
[EventRounds "9"]
[EventCountry "SRB"]
[SourceTitle "CBM 188 Extra"]
[Source "ChessBase"]
[SourceDate "2019.02.26"]
[SourceVersion "1"]
[SourceVersionDate "2019.02.26"]
[SourceQuality "1"]

1. e4 c5 2. Nf3 Nc6 3. Bb5 g6 4. Bxc6 dxc6 5. h3 Bg7 6. 0-0 Nf6 7. Re1 0-0 8. d3 Ne8 9. c3 e5 10. Be3 b6 11. a4 a5 12. Na3 Ba6 13. Qb3 Nd6 14. Rad1 Qc7 15. Bg5 Rfe8 16. Bh4 b5 17. Bg3 b4 18. cxb4 cxb4 19. Nc2 c5 20. Ne3 Rac8 21. Rc1 Qc6 22. Ng4 1/2-1/2

[Event "Belgrade ChessAmateur op 5th"]
[Site "Belgrade"]
[Date "2019.01.05"]
[Round "2"]
[White "Olhovik, Andrei"]
[Black "Kovacs, Zoltan2222"]
[Result "1-0"]
[WhiteElo "2308"]
[BlackElo "2124"]
[PlyCount "59"]
[EventDate "2019.01.04"]
[EventType "swiss"]
[EventRounds "9"]
[EventCountry "SRB"]
[SourceTitle "CBM 188 Extra"]
[Source "ChessBase"]
[SourceDate "2019.02.26"]
[SourceVersion "1"]
[SourceVersionDate "2019.02.26"]
[SourceQuality "1"]

1. d4 Nf6 2. c4 e6 3. Nc3 Bb4 4. Qc2 c5 5. dxc5 Bxc5 6. Nf3 Qb6 7. e3 0-0 8. a3 Be7 9. Be2 Nc6 10. 0-0 d6 11. e4 a6 12. Be3 Qc7 13. Na4 Nd7 14. b4 b6 15. Rab1 Rb8 16. Rfc1 Bb7 17. b5 Nce5 18. Nd4 a5 19. f4 Nc5 20. fxe5 dxe5 21. Nc6 Bxc6 22. bxc6 Qxc6 23. Nxc5 Bxc5 24. Bxc5 Qxc5+ 25. Kh1 Qxa3 26. Rb3 Qd6 27. Rd1 Qc6 28. Rb5 Rfd8 29. Rdb1 Rd4 30. c5 1-0

[Event "Minsk Amateur op"]
[Site "Minsk"]
[Date "2018.07.01"]
[Round "9"]
[White "Olhovik, Andrei"]
[Black "Sihite, Chelsie Monica"]
[Result "1/2-1/2"]
[WhiteElo "2325"]
[BlackElo "2235"]
[PlyCount "27"]
[EventDate "2018.06.25"]
[EventType "swiss"]
[EventRounds "9"]
[EventCountry "BLR"]
[SourceTitle "CBM 185 Extra"]
[Source "ChessBase"]
[SourceDate "2018.07.29"]
[SourceVersion "1"]
[SourceVersionDate "2018.07.29"]
[SourceQuality "1"]

1. d4 d5 2. c4 c6 3. cxd5 cxd5 4. Nc3 Nc6 5. Nf3 Nf6 6. Bf4 a6 7. e3 Bf5 8. Bd3 Bxd3 9. Qxd3 e6 10. 0-0 Bd6 11. Bxd6 Qxd6 12. Rfc1 0-0 13. Na4 Ne4 14. Nc5 1/2-1/2

[Event "Minsk Amateur op"]
[Site "Minsk"]
[Date "2018.06.29"]
[Round "7"]
[White "Olhovik, Andrei"]
[Black "Irgaliyev, Alikhan"]
[Result "1-0"]
[WhiteElo "2325"]
[BlackElo "2158"]
[PlyCount "72"]
[EventDate "2018.06.25"]
[EventType "swiss"]
[EventRounds "9"]
[EventCountry "BLR"]
[SourceTitle "CBM 185 Extra"]
[Source "ChessBase"]
[SourceDate "2018.07.29"]
[SourceVersion "1"]
[SourceVersionDate "2018.07.29"]
[SourceQuality "1"]

1. d4 d6 2. Nf3 Nf6 3. c4 Nbd7 4. Nc3 g6 5. g3 Bg7 6. Bg2 0-0 7. 0-0 c6 8. e4 e5 9. h3 a6 10. d5 Qe7 11. Be3 cxd5 12. cxd5 b5 13. Nd2 Bb7 14. Qe2 Rac8 15. Rfc1 h5 16. Nb3 Qd8 17. a4 b4 18. Na2 Rxc1+ 19. Rxc1 h4 20. g4 Nxe4 21. Bxe4 f5 22. Bh1 e4 23. Nxb4 Ne5 24. Nc6 Qe8 25. Nxe5 Qxe5 26. Bd4 Qxd5 27. Bxg7 Kxg7 28. Rc7+ Kf6 29. Qe3 Rf7 30. g5+ Kg7 31. Qd4+ Kg8 32. Rc8+ Rf8 33. Rxf8+ Kxf8 34. Qf6+ Ke8 35. Qxg6+ Kd7 36. Qg7+ Kc8 1-0

[Event "Minsk Amateur op"]
[Site "Minsk"]
[Date "2018.06.27"]
[Round "4"]
[White "Bykovskiy, Oleg"]
[Black "Olhovik, Andrei"]
[Result "1/2-1/2"]
[WhiteElo "2261"]
[BlackElo "2325"]
[PlyCount "108"]
[EventDate "2018.06.25"]
[EventType "swiss"]
[EventRounds "9"]
[EventCountry "BLR"]
[SourceTitle "CBM 185 Extra"]
[Source "ChessBase"]
[SourceDate "2018.07.29"]
[SourceVersion "1"]
[SourceVersionDate "2018.07.29"]
[SourceQuality "1"]

1. e4 c5 2. Nf3 Nc6 3. d4 cxd4 4. Nxd4 Qb6 5. Nb3 Nf6 6. Nc3 e6 7. Be3 Qc7 8. a3 a6 9. f4 d6 10. Be2 b5 11. Bf3 Bb7 12. Qe2 Be7 13. 0-0 0-0 14. g4 Nd7 15. Qf2 Nc5 16. Rad1 Rac8 17. Nd4 Nxd4 18. Bxd4 e5 19. Be3 d5 20. exd5 exf4 21. Bd4 Nd7 22. d6 Bxd6 23. Bxb7 Qxb7 24. Bxg7 Bc5 25. Bd4 f3 26. Bxc5 Rxc5 27. Qd4 Qb6 28. Kh1 Rc7 29. Qf4 Qb7 30. Nd5 Rc5 31. Ne7+ Kg7 32. Rxf3 f6 33. Nf5+ Rxf5 34. Rxd7+ Qxd7 35. Qxf5 Qxf5 36. Rxf5 Rc8 37. Rf2 Rc4 38. h3 h5 39. gxh5 Rh4 40. Kg2 Rxh5 41. Rd2 Rc5 42. c3 a5 43. Kf3 b4 44. cxb4 axb4 45. a4 b3 46. Rd3 Rc4 47. a5 Ra4 48. Rxb3 Rxa5 49. Ke2 Kg6 50. Kd2 f5 51. Rf3 Kf6 52. b4 Ra2+ 53. Kd3 Ra3+ 54. Ke2 Ra2+ 1/2-1/2

[Event "Minsk rapid op2"]
[Site "Minsk"]
[Date "2018.06.27"]
[Round "5"]
[White "Olhovik, Andrei"]
[Black "Naumovich, Yaroslav"]
[Result "1-0"]
[WhiteElo "2326"]
[BlackElo "1852"]
[PlyCount "103"]
[EventDate "2018.06.27"]
[EventType "swiss (rapid)"]
[EventRounds "9"]
[EventCountry "BLR"]
[SourceTitle "EXT 2021"]
[Source "ChessBase"]
[SourceDate "2020.10.23"]
[SourceVersion "1"]
[SourceVersionDate "2020.10.23"]
[SourceQuality "1"]

1. d4 Nf6 2. Nf3 d5 3. c4 c6 4. e3 e6 5. b3 Bd6 6. Bd3 0-0 7. 0-0 b6 8. Bb2 Bb7 9. Qe2 Nbd7 10. Ne5 c5 11. Nd2 Ne4 12. cxd5 exd5 13. Nxd7 Qxd7 14. dxc5 Bxc5 15. Nf3 Qe6 16. Bd4 h6 17. Rac1 Rac8 18. Bxc5 bxc5 19. Rc2 Rfd8 20. Rfc1 Qb6 21. Bxe4 dxe4 22. Nd2 Qd6 23. h3 Ba6 24. Qh5 Qd5 25. Qxd5 Rxd5 26. Nxe4 Bd3 27. Rxc5 Rcxc5 28. Nxc5 Bg6 29. e4 Rd2 30. a4 Re2 31. f3 f5 32. Rc4 a5 33. exf5 Bxf5 34. Nb7 Re5 35. Rc5 Rxc5 36. Nxc5 Kf7 37. Nb7 Bc2 38. Nxa5 Ke6 39. Kf2 Kd5 40. Ke3 Kc5 41. Kd2 Bf5 42. Kc3 Be6 43. b4+ Kb6 44. Nc4+ Ka6 45. Kd4 Bd7 46. b5+ Kb7 47. Kc5 g5 48. a5 Ka7 49. Ne5 Bc8 50. Nf7 h5 51. Nxg5 h4 52. Ne4 1-0

[Event "Minsk rapid op2"]
[Site "Minsk"]
[Date "2018.06.27"]
[Round "8"]
[White "Podolchenko, Evgeniy"]
[Black "Olhovik, Andrei"]
[Result "1/2-1/2"]
[WhiteElo "2379"]
[BlackElo "2326"]
[PlyCount "117"]
[EventDate "2018.06.27"]
[EventType "swiss (rapid)"]
[EventRounds "9"]
[EventCountry "BLR"]
[SourceTitle "EXT 2021"]
[Source "ChessBase"]
[SourceDate "2020.10.23"]
[SourceVersion "1"]
[SourceVersionDate "2020.10.23"]
[SourceQuality "1"]

1. Nf3 c5 2. c4 g6 3. e3 Nf6 4. Nc3 Bg7 5. d4 cxd4 6. exd4 d5 7. cxd5 Nxd5 8. Bb5+ Bd7 9. Bc4 Nxc3 10. bxc3 0-0 11. 0-0 Nc6 12. Re1 Rc8 13. Bd3 Na5 14. Bd2 Bc6 15. Ne5 Bd5 16. Qe2 e6 17. c4 Bxe5 18. Bxa5 Qxa5 19. Qxe5 Qc3 20. cxd5 Qxd3 21. dxe6 fxe6 22. Qxe6+ Kh8 23. Qe5+ Kg8 24. Qd5+ Rf7 25. Rad1 Qf5 26. Qxf5 Rxf5 27. Re7 Rf7 28. Re2 Rd7 29. h4 Rc4 30. d5 Rc5 31. Re5 Rc2 32. Rde1 Kf7 33. Re8 Rxa2 34. Rh8 Kf6 35. Rf8+ Kg7 36. Rb8 Rd2 37. Re5 a5 38. g4 R2xd5 39. Rxb7 Rxb7 40. Rxd5 Ra7 41. Rd3 a4 42. Ra3 Kf6 43. Kf1 Ke5 44. Ke2 Kd4 45. Kd2 Kc4 46. Kc2 Kb4 47. Ra1 a3 48. Re1 a2 49. Kb2 a1Q+ 50. Rxa1 Rxa1 51. Kxa1 Kc3 52. f4 Kd4 53. Kb2 Ke4 54. f5 gxf5 55. gxf5 Kxf5 56. Kc2 Kg4 57. Kd2 Kxh4 58. Ke2 Kg3 59. Kf1 1/2-1/2

[Event "Minsk Amateur op"]
[Site "Minsk"]
[Date "2018.06.26"]
[Round "3"]
[White "Olhovik, Andrei"]
[Black "Cherepov, Alexej"]
[Result "1/2-1/2"]
[WhiteElo "2325"]
[BlackElo "2175"]
[PlyCount "39"]
[EventDate "2018.06.25"]
[EventType "swiss"]
[EventRounds "9"]
[EventCountry "BLR"]
[SourceTitle "CBM 185 Extra"]
[Source "ChessBase"]
[SourceDate "2018.07.29"]
[SourceVersion "1"]
[SourceVersionDate "2018.07.29"]
[SourceQuality "1"]

1. c4 c5 2. Nf3 Nf6 3. Nc3 e6 4. g3 b6 5. Bg2 Bb7 6. 0-0 Be7 7. d4 cxd4 8. Qxd4 0-0 9. Rd1 d6 10. b3 Na6 11. Bb2 Nc5 12. Ne1 Qc8 13. Rac1 Rd8 14. Nb5 a6 15. Nc3 Qc7 16. Qf4 Nh5 17. Qd4 Nf6 18. Qf4 Nh5 19. Qd4 Nf6 20. Qf4 1/2-1/2

[Event "Minsk Amateur op"]
[Site "Minsk"]
[Date "2018.06.26"]
[Round "2"]
[White "Tsvetkova, Vladislava"]
[Black "Olhovik, Andrei"]
[Result "0-1"]
[WhiteElo "1702"]
[BlackElo "2325"]
[PlyCount "83"]
[EventDate "2018.06.25"]
[EventType "swiss"]
[EventRounds "9"]
[EventCountry "BLR"]
[SourceTitle "CBM 185 Extra"]
[Source "ChessBase"]
[SourceDate "2018.07.29"]
[SourceVersion "1"]
[SourceVersionDate "2018.07.29"]
[SourceQuality "1"]

1. e4 c5 2. Nf3 Nc6 3. d4 cxd4 4. Nxd4 Qb6 5. Nxc6 bxc6 6. Be2 Nf6 7. Nc3 d6 8. 0-0 g6 9. Qd3 Bg7 10. a4 0-0 11. Be3 Qc7 12. f4 Bg4 13. Bd4 Bxe2 14. Nxe2 c5 15. Bxf6 Bxf6 16. Nc3 Qb6 17. Nd5 Qxb2 18. Rab1 Qd4+ 19. Kh1 Qxd3 20. cxd3 Rab8 21. g4 h6 22. Kg2 Kg7 23. f5 Rfc8 24. Kf3 e6 25. Ne3 Rb4 26. a5 Rcb8 27. Rbd1 Rb2 28. Nc4 Rxh2 29. Nxd6 Bd4 30. Nc4 gxf5 31. gxf5 exf5 32. Kg3 Rh5 33. exf5 Kf6 34. Rf4 Rg8+ 35. Rg4 Bf2+ 36. Kf3 Rxf5+ 37. Rf4 Rxf4+ 38. Kxf4 h5 39. Nd2 Bd4 40. Rh1 Rh8 41. Ne4+ Ke7 42. Kg5 0-1

[Event "Minsk Amateur op"]
[Site "Minsk"]
[Date "2018.06.25"]
[Round "1"]
[White "Olhovik, Andrei"]
[Black "Lazavik, Denis"]
[Result "1/2-1/2"]
[WhiteElo "2325"]
[BlackElo "2111"]
[PlyCount "88"]
[EventDate "2018.06.25"]
[EventType "swiss"]
[EventRounds "9"]
[EventCountry "BLR"]
[SourceTitle "CBM 185 Extra"]
[Source "ChessBase"]
[SourceDate "2018.07.29"]
[SourceVersion "1"]
[SourceVersionDate "2018.07.29"]
[SourceQuality "1"]

1. d4 d5 2. c4 c6 3. Nf3 Nf6 4. e3 Bf5 5. Nc3 e6 6. Nh4 Bg6 7. Be2 Nbd7 8. Bd2 Bd6 9. Qb3 Rb8 10. Nxg6 hxg6 11. Qc2 Qe7 12. h3 a6 13. 0-0 0-0 14. c5 Bc7 15. f4 a5 16. Bd3 Ra8 17. a3 Rfc8 18. b4 axb4 19. axb4 b5 20. Ra2 Ne8 21. g4 g5 22. Kg2 gxf4 23. exf4 Qd8 24. Rfa1 Kf8 25. Ne2 Kg8 26. Be3 Nef6 27. Ng3 Ne8 28. Ra6 Rxa6 29. Rxa6 Nb8 30. Ra7 Nf6 31. g5 Ne8 32. h4 f5 33. Qe2 g6 34. h5 Ng7 35. hxg6 Qe8 36. Nh5 Qxg6 37. Nf6+ Kf7 38. Bd2 Ke7 39. Qe5 Kd8 40. Qe2 Nd7 41. Nxd7 Kxd7 42. Ra1 Rh8 43. Rh1 Rxh1 44. Kxh1 Qh5+ 1/2-1/2

[Event "Minsk rapid op1"]
[Site "Minsk"]
[Date "2018.06.25"]
[Round "7"]
[White "Olhovik, Andrei"]
[Black "Pankratov, Oleg"]
[Result "1/2-1/2"]
[WhiteElo "2326"]
[BlackElo "2294"]
[PlyCount "111"]
[EventDate "2018.06.25"]
[EventType "swiss (rapid)"]
[EventRounds "9"]
[EventCountry "BLR"]
[SourceTitle "EXT 2021"]
[Source "ChessBase"]
[SourceDate "2020.10.23"]
[SourceVersion "1"]
[SourceVersionDate "2020.10.23"]
[SourceQuality "1"]

1. d4 Nf6 2. Nd2 d5 3. Ngf3 Bf5 4. e3 h6 5. c4 c6 6. Qb3 Qc7 7. Ne5 e6 8. Bd3 Bxd3 9. Qxd3 Be7 10. 0-0 0-0 11. e4 dxe4 12. Nxe4 Nbd7 13. f4 Nxe4 14. Qxe4 Nf6 15. Qf3 Rad8 16. Be3 c5 17. dxc5 Bxc5 18. Rad1 Qb6 19. Bxc5 Qxc5+ 20. Qf2 Qb4 21. b3 a6 22. h3 a5 23. Qe3 a4 24. Rd3 Rxd3 25. Qxd3 Qb6+ 26. Kh2 Rd8 27. Qc2 axb3 28. axb3 Qd4 29. Rf3 h5 30. c5 Rd5 31. c6 bxc6 32. Qxc6 h4 33. Qc8+ Rd8 34. Qb7 Rf8 35. Nc6 Qd1 36. Ne7+ Kh8 37. Nc6 Qd5 38. Qe7 Kg8 39. Qxf6 Qxc6 40. Qxh4 Rb8 41. Qg5 Rb5 42. Qd8+ Kh7 43. Qe7 Rf5 44. Qh4+ Kg8 45. Rd3 Rd5 46. Rxd5 Qxd5 47. Qg3 Qc5 48. Qd3 Qb4 49. Qc4 Qb8 50. b4 g5 51. b5 gxf4 52. Kh1 Qe5 53. Qb4 f3 54. Qg4+ Kf8 55. Qxf3 Qxb5 56. Kh2 1/2-1/2

[Event "Benidorm op U2300 16th"]
[Site "Benidorm"]
[Date "2017.12.09"]
[Round "10"]
[White "Olhovik, Andrei"]
[Black "Rodriguez Alvarez, Vidal Hely"]
[Result "1/2-1/2"]
[WhiteElo "2299"]
[BlackElo "2256"]
[PlyCount "51"]
[EventDate "2017.12.01"]
[EventType "swiss"]
[EventRounds "10"]
[EventCountry "ESP"]
[SourceTitle "EXT 2019"]
[Source "ChessBase"]
[SourceDate "2018.10.10"]
[SourceVersion "1"]
[SourceVersionDate "2018.10.10"]
[SourceQuality "1"]

1. d4 e6 2. Nf3 Nf6 3. Bf4 d5 4. e3 Bd6 5. Bg3 0-0 6. Nbd2 c5 7. c3 Nc6 8. Bd3 b6 9. Qe2 Bb7 10. 0-0 Bxg3 11. hxg3 Qd6 12. dxc5 Qxc5 13. e4 dxe4 14. Nxe4 Nxe4 15. Qxe4 g6 16. Rad1 Qe7 17. Qe3 Rfd8 18. Be4 Rxd1 19. Rxd1 Rd8 20. Rxd8+ Qxd8 21. g4 Qd1+ 22. Kh2 Qd6+ 23. Kg1 Qd1+ 24. Kh2 Qd6+ 25. Kg1 Qd1+ 26. Kh2 1/2-1/2

[Event "Benidorm op U2300 16th"]
[Site "Benidorm"]
[Date "2017.12.08"]
[Round "9"]
[White "Lornye, Pylyp"]
[Black "Olhovik, Andrei"]
[Result "1/2-1/2"]
[WhiteElo "2264"]
[BlackElo "2299"]
[PlyCount "20"]
[EventDate "2017.12.01"]
[EventType "swiss"]
[EventRounds "10"]
[EventCountry "ESP"]
[SourceTitle "EXT 2019"]
[Source "ChessBase"]
[SourceDate "2018.10.10"]
[SourceVersion "1"]
[SourceVersionDate "2018.10.10"]
[SourceQuality "1"]

1. Nf3 Nf6 2. g3 b6 3. Bg2 Bb7 4. 0-0 e6 5. d3 d5 6. Nfd2 c5 7. Nc3 Nc6 8. e4 Be7 9. f4 dxe4 10. Ndxe4 0-0 1/2-1/2

[Event "Benidorm op U2300 16th"]
[Site "Benidorm"]
[Date "2017.12.06"]
[Round "7"]
[White "Olcum, Ahmet"]
[Black "Olhovik, Andrei"]
[Result "0-1"]
[WhiteElo "2231"]
[BlackElo "2299"]
[PlyCount "74"]
[EventDate "2017.12.01"]
[EventType "swiss"]
[EventRounds "10"]
[EventCountry "ESP"]
[SourceTitle "EXT 2019"]
[Source "ChessBase"]
[SourceDate "2018.10.10"]
[SourceVersion "1"]
[SourceVersionDate "2018.10.10"]
[SourceQuality "1"]

1. d4 d5 2. Nf3 Nf6 3. Bf4 c5 4. e3 Nc6 5. c3 Qb6 6. Qb3 c4 7. Qc2 Bf5 8. Qc1 e6 9. Nbd2 h6 10. Be2 Be7 11. h3 0-0 12. g4 Bg6 13. Rg1 Nd7 14. h4 e5 15. Bxe5 Ncxe5 16. Nxe5 Nxe5 17. dxe5 Bxh4 18. Nf3 Be7 19. Qd2 Rad8 20. Nd4 Rfe8 21. f4 Be4 22. Bf3 f6 23. 0-0-0 fxe5 24. fxe5 Bg5 25. Bxe4 dxe4 26. Qe2 Qa6 27. e6 Qxa2 28. Rgf1 Rd6 29. Kc2 Rb6 30. Rb1 Be7 31. Kc1 Bc5 32. Qf2 Rf8 33. Qg2 Rxf1+ 34. Qxf1 Rxe6 35. Qf5 Rf6 36. Qd5+ Kh8 37. Nf5 Rxf5 0-1

[Event "Benidorm op U2300 16th"]
[Site "Benidorm"]
[Date "2017.12.05"]
[Round "5"]
[White "Gromovs, Sergejs"]
[Black "Olhovik, Andrei"]
[Result "1/2-1/2"]
[WhiteElo "2257"]
[BlackElo "2299"]
[PlyCount "21"]
[EventDate "2017.12.01"]
[EventType "swiss"]
[EventRounds "10"]
[EventCountry "ESP"]
[SourceTitle "EXT 2019"]
[Source "ChessBase"]
[SourceDate "2018.10.10"]
[SourceVersion "1"]
[SourceVersionDate "2018.10.10"]
[SourceQuality "1"]

1. e4 e5 2. Nf3 Nc6 3. Bb5 Nf6 4. 0-0 Nxe4 5. d4 Nd6 6. dxe5 Nxb5 7. a4 Nbd4 8. Nxd4 Nxd4 9. Qxd4 d5 10. exd6 Qxd6 11. Re1+ 1/2-1/2

[Event "Benidorm op U2300 16th"]
[Site "Benidorm"]
[Date "2017.12.02"]
[Round "2"]
[White "Olhovik, Andrei"]
[Black "Nuta, Dan"]
[Result "1-0"]
[WhiteElo "2299"]
[BlackElo "2153"]
[PlyCount "95"]
[EventDate "2017.12.01"]
[EventType "swiss"]
[EventRounds "10"]
[EventCountry "ESP"]
[SourceTitle "EXT 2019"]
[Source "ChessBase"]
[SourceDate "2018.10.10"]
[SourceVersion "1"]
[SourceVersionDate "2018.10.10"]
[SourceQuality "1"]

1. c4 c5 2. Nf3 Nf6 3. Nc3 g6 4. e4 d6 5. d4 cxd4 6. Nxd4 Bg7 7. Be2 0-0 8. Be3 a6 9. 0-0 b6 10. f3 Bb7 11. Qd2 Nbd7 12. Rfd1 Re8 13. Bf1 Rc8 14. Rac1 Rc7 15. Nd5 Rc8 16. b4 e6 17. Nxf6+ Nxf6 18. Nb3 d5 19. exd5 exd5 20. c5 a5 21. cxb6 axb4 22. Na5 Qe7 23. Bd4 Rc3 24. Rxc3 bxc3 25. Qxc3 Rc8 26. Qe1 Qd7 27. Nxb7 Qxb7 28. a4 Nd7 29. Bxg7 Kxg7 30. a5 Nxb6 31. axb6 Qxb6+ 32. Qf2 Qxf2+ 33. Kxf2 Rc5 34. Ke3 h5 35. Bd3 Ra5 36. Rd2 Kf6 37. Kd4 Ke6 38. Rb2 Ra4+ 39. Ke3 g5 40. g3 Ke5 41. Rf2 d4+ 42. Kd2 Ra2+ 43. Bc2 h4 44. Re2+ Kd5 45. gxh4 d3 46. Kxd3 Ra3+ 47. Kd2 Rxf3 48. Be4+ 1-0

[Event "Benidorm op U2300 16th"]
[Site "Benidorm"]
[Date "2017.12.01"]
[Round "1"]
[White "Do Santos Julio, Joao Manuel"]
[Black "Olhovik, Andrei"]
[Result "0-1"]
[WhiteElo "2086"]
[BlackElo "2299"]
[PlyCount "104"]
[EventDate "2017.12.01"]
[EventType "swiss"]
[EventRounds "10"]
[EventCountry "ESP"]
[SourceTitle "EXT 2019"]
[Source "ChessBase"]
[SourceDate "2018.10.10"]
[SourceVersion "1"]
[SourceVersionDate "2018.10.10"]
[SourceQuality "1"]

1. e4 c5 2. Nf3 e6 3. d4 cxd4 4. Nxd4 Bc5 5. Nb3 Bb6 6. Qg4 Nf6 7. Qh4 Nc6 8. Nc3 Ne5 9. Be2 Ng6 10. Qg3 0-0 11. Bg5 h6 12. Be3 d6 13. 0-0 e5 14. Rad1 a6 15. Nc5 Qc7 16. Nd3 Ba5 17. Nd5 Nxd5 18. exd5 Qxc2 19. Bg4 Bxg4 20. Qxg4 Qc8 21. Qa4 Qd8 22. Kh1 Bb6 23. Bc1 f5 24. f3 Rc8 25. Bd2 Ne7 26. Bb4 f4 27. Rc1 Rxc1 28. Rxc1 Nf5 29. Nxe5 Be3 30. Rd1 dxe5 31. Bxf8 Kxf8 32. Qb4+ Nd6 33. Qc3 Bd4 34. Qc2 Kf7 35. b3 Be3 36. Rd3 Qa5 37. Rd1 Kf6 38. Qh7 Qd8 39. g4 Kf7 40. Qc2 Qd7 41. Rd3 e4 42. Rc3 Qb5 43. Rc7+ Kg8 44. Rc8+ Kh7 45. Rc4 Qxd5 46. fxe4 Qe5 47. Ra4 f3 48. Qd1 Nxe4 49. Qb1 Bd4 50. Qd3 Qf4 51. Rc4 f2 52. Qf1 Qf3+ 0-1

[Event "Minsk Bronstein Memorial op"]
[Site "Minsk"]
[Date "2017.02.18"]
[Round "5"]
[White "Vashchilov, Sergey"]
[Black "Olhovik, Andrei"]
[Result "1/2-1/2"]
[WhiteElo "2124"]
[BlackElo "2299"]
[PlyCount "103"]
[EventDate "2017.02.18"]
[EventType "swiss (rapid)"]
[EventRounds "10"]
[EventCountry "BLR"]
[SourceTitle "EXT 2018"]
[Source "ChessBase"]
[SourceDate "2017.10.13"]
[SourceVersion "1"]
[SourceVersionDate "2017.10.13"]
[SourceQuality "1"]

1. e4 c5 2. Nf3 Nc6 3. Bb5 g6 4. Bxc6 bxc6 5. 0-0 Bg7 6. h3 Nh6 7. Nc3 e5 8. d3 d6 9. Nh2 0-0 10. f4 f6 11. Be3 Rb8 12. Rb1 Rb7 13. Qe1 exf4 14. Bxf4 g5 15. Be3 f5 16. Qd2 f4 17. Bf2 Nf7 18. Nf3 h5 19. Ne2 Qe8 20. Nh2 Ne5 21. b4 cxb4 22. Rxb4 Rxb4 23. Qxb4 c5 24. Qd2 Qg6 25. Nc3 Be6 26. Be1 Bh6 27. Nd5 Bxd5 28. exd5 g4 29. hxg4 hxg4 30. Qe2 f3 31. Qe4 Qg5 32. Bg3 f2+ 33. Rxf2 Qc1+ 34. Nf1 Rxf2 35. Bxf2 Qxc2 36. Qf5 Qxd3 37. Qe6+ Nf7 38. Qxg4+ Bg7 39. Qe6 Bd4 40. Qg4+ Kf8 41. Bxd4 cxd4 42. Qc8+ Kg7 43. Qg4+ Qg6 44. Qxd4+ Kf8 45. Qxa7 Qe4 46. Qa8+ Kg7 47. Qc6 Qd4+ 48. Kh2 Qh4+ 49. Kg1 Qd4+ 50. Kh2 Qf4+ 51. Kg1 Qd4+ 52. Kh2 1/2-1/2